| 000 | 00653cab a2200241 4500 | ||
|---|---|---|---|
| 001 | X197 | ||
| 008 | 090401t1992 xxu||||| |||| 00| 0 eng d | ||
| 035 | _a(Sirsi) u64348 | ||
| 041 | _aeng | ||
| 100 | _aMitchell, C. | ||
| 245 | _aManaging currency exposure associated with foreign acquisitions | ||
| 260 | _c1992 | ||
| 350 | _a0 | ||
| 490 |
_aJournal of Property Finance _v3(2) Autumn 1992, 178-186(7) |
||
| 650 | _aCURRENCY SWAP | ||
| 650 | _aERM | ||
| 650 | _aEXCHANGE RATE MECHANISM | ||
| 650 | _aEXCHANGE RATES | ||
| 650 | _aRISK MANAGEMENT | ||
| 690 | _aPROPERTY-PROPERTY FINANCE AND INVESTMENT | ||
| 942 | _n0 | ||
| 948 | _c04/03/1997 | ||
| 999 |
_c40073 _d40073 |
||